000 01196cab a2200217 4500
001 L129252
008 050404n2005 000 0 eng u
035 _a(Sirsi) u129252
041 _aeng
100 _aDann, Nigel
245 _aMaintenance: from philosophy to practice
260 _c2005
490 _aJournal of Architectural Conservation
_v11(1) March 2005, 42-54(13)
520 _aThe maintenance of historic buildings has received little academic study or practiceorientated development in the UK. Maintain our Heritage (which was established in 1999 on the premise that the UK should adopt a more sustainable and proactive maintenance based policy towards historic buildings) is trying to change this. It has developed a wide programme of research aimed at understanding current attitudes towards maintenance and exploring potential ways forward. A pilot maintenance service has been completed which inspected 73 listed buildings in the Bath area.
590 _aIKA150405
650 _aPLANNING POLICY GUIDANCE NOTE 15
650 _aBATH
690 _aBUILT ENVIRONMENT-BUILDING MAINTENANCE AND REFURBISHMENT-BUILDING CONSERVATION
700 _aCantell, Timothy
942 _n0
999 _c75021
_d75021